000 00336nam a2200133Ia 4500
005 20251222141859.0
008 251222s9999||||xx |||||||||||||| ||spa||
020 _a9706830081
082 _a700/F81/T.VII
245 0 _aColección Uso y Estilo
250 _a1ra.ed.
264 _bReproducciones Fotomecánicas, S.A. de C.V.
942 _cLIB
999 _c7997
_d7997